000 00796nas a2200193 a 4500
001 000041891
005 20201002035820.0
008 131021c1968 dr 0 0 00spa d
040 _aDO-SdBNP
_bspa
_cBNPHU
245 0 0 _aActualidades dominicanas.
260 _aSanto Domingo, República Dominicana :
_bTalleres de editora debate,
_c1968.
300 _av. :
_bil. ;
_c29 cm.
310 _aMensual
362 1 _aInicia con: Año.1:no.1(25 de marzo de 1968).
500 _aCatalogación basada en: Año 1:no.1(25 de marzo de 1968).
505 0 _aUn resumen informativo del proceso o desarrollo de la República Dominicana.
650 4 _aDesarrollo urbano(república dominicana
_vPUBLICACIONES PERIÓDICAS
_zSanto Domingo
_968779
651 4 _aRepública Dominicana
_vPUBLICACIONES PERIÓDICAS
_925092
999 _c41380
_d41380